000 00872nam a2200253Ia 4500
003 OSt
005 20220927105255.0
006 a|||||r|||| 00| 0
007 ta
008 220926b |||||||| |||| 00| 0 eng d
020 _a8189470051
024 _a173653
037 _cReference Collections
040 _aRTL
_cRTL
_beng
041 _2eng
_aeng
082 _a"U287p281,P06, P6/UN/RR"
110 _aINTERNATIONAL CONFERENCE ON ADAPTATION TO CLIMATE VARIABILITY AND CHANGE(2006) (New Delhi)
_9371378
245 0 _aProceedings
260 _aNew
_bDelhi Institute for social and environment transition
_c2006
300 _a"xvi,184p"
_ccm.
700 _aINTERNATIONAL CONFERENCE ON ADAPTATION TO CLIMATE VARIABILITY AND CHANGE(2006) (New Delhi)
_9371379
942 _h"U287p281,P06, P6/UN/RR"
_cCC
999 _c691577
_d691577